La lampada spenta /

محفوظ في:
التفاصيل البيبلوغرافية
المؤلف الرئيسي: Hall, Radclyffe (مؤلف)
مؤلفون آخرون: Oliva Lentati, Mimì
التنسيق: كتاب
اللغة:الإيطالية
منشور في: Milano : Ed. dell'Orsa Maggiore, 1946
سلاسل:Collezione dell'Orsa maggiore, Beta Merak
الوسوم: إضافة وسم
لا توجد وسوم, كن أول من يضع وسما على هذه التسجيلة!

MARC

LEADER 00000nam a22000007i 4500
001 IT\ICCU\CUB\0334973
003 ItRI
005 20260115232223.0
008 971205s1946 it |||||| ||||| |||||c
015 |2 IT  |a 1947 4125 
024 7 0 |a 294037  |2 cubi 
040 |b ita  |c importazione bologna sebina 
041 7 |a ita  |2 ISO-639-2 
100 1 |a Hall, Radclyffe  |0 IT\ICCU\CFIV\001539  |4 aut 
240 1 4 |a The unlit lamp  |3 IT\ICCU\CFI\0002044  |9 Hall, Radclyffe 
245 1 3 |a La lampada spenta /  |c Radclyffe Hall. 
260 |a Milano :  |b Ed. dell'Orsa Maggiore,  |c 1946 
300 |a 325 p., [1] c. di tav. :  |b ill. ;  |c 19 cm 
500 |a Versione italiana di Mimi Oliva Lentati. 
700 1 |a Oliva Lentati, Mimì  |0 IT\ICCU\LIAV\011377 
790 1 |a Hall, Marguerite Radclyffe  |3 IT\ICCU\CFIV\153676  |z Hall, Radclyffe 
790 1 |a Radclyffe Hall, Marguerite  |3 IT\ICCU\CFIV\165214  |z Hall, Radclyffe 
790 1 |a Lentati Oliva, Maria  |3 IT\ICCU\CFIV\187190  |z Oliva Lentati, Mimì 
830 0 |a Collezione dell'Orsa maggiore, Beta Merak  |0 IT\ICCU\CUB\0326644 
942 |2 ddc  |c BK  |n 0 
952 |0 0  |1 0  |4 0  |6 L_823_912000000000000_HAL  |7 0  |9 22249  |a BO  |b BO  |d 2026-01-15  |i 2013  |l 0  |o L 823.912 HAL  |p BO2013  |r 2026-01-15 23:22:23  |w 2026-01-15  |x [Sebina 7] [1 v.]  |y BK  |z 1 v. 
999 |c 19004  |d 19004